| 000 | 00779nam a2200193 a 4500 | ||
|---|---|---|---|
| 003 | 0 | ||
| 005 | 20250318120924.0 | ||
| 008 | 080923s19uu xx 00 eng d | ||
| 050 |
_aPHS HD 57.7 _b.M11 2008 |
||
| 100 | _aMarquez, Teresita Ssen L. | ||
| 245 |
_aPerceived diligence of newly elected and experienced sangguniang kabataan chairmen of Parañaque City / _cTeresita Ssen L. Marquez. |
||
| 260 |
_aLas Piñas City, Philippines : _bSouthville International School and Colleges, _c2008. |
||
| 300 |
_a30 pages ; _c28 cm. |
||
| 504 | _aIncludes bibliographical references. | ||
| 650 |
_aLeadership _xEvaluation _zPhilippines. |
||
| 650 |
_aSangguniang Kabataan (Philippines) _xLeadership. |
||
| 650 |
_aLocal government _xYouth participation _zPhilippines. |
||
| 942 |
_2lcc _cPASS |
||
| 999 |
_c98075 _d98075 |
||